书目信息 |
| 题名: |
工业企业会计报表编审与分析
|
|
| 作者: | 杜英斌 , 杨济川 编著 | |
| 分册: | ||
| 出版信息: | 太原 山西人民出版社 1980 |
|
| 页数: | 359页 | |
| 开本: | 19cm | |
| 丛书名: | ||
| 单 册: | ||
| 中图分类: | F231.5 | |
| 科图分类: | ||
| 主题词: | 会计 | |
| 电子资源: | ||
| ISBN: | ||
| 000 | 00628nam0 2200217 45 | |
| 001 | 0304140935 | |
| 005 | 20031219104109.2 | |
| 010 | @dCNY0.99 | |
| 091 | @a3088.240 | |
| 100 | @a20030414d1980 km y0chiy0120 ea | |
| 101 | 0 | @achi |
| 105 | @a z 000yy | |
| 200 | 1 | @a工业企业会计报表编审与分析@AGong Ye Qi Ye Kuai Ji Bao Biao Bian Shen Yu Fen Xi@f杜英斌,杨济川编著@FDu Ying Bin,Yang Ji Chuan Bian Zhu |
| 210 | @a太原@c山西人民出版社@d1980 | |
| 215 | @a359页@d19cm | |
| 606 | 0 | @a会计 |
| 690 | @aF231.5@v3 | |
| 701 | 0 | @a杜英斌@4编著 |
| 701 | 0 | @a杨济川@4编著 |
| 801 | @aCN@bTSTC@c20030414 | |
| 905 | @f1@b50795@dF231.5@e13 | |
| 工业企业会计报表编审与分析/杜英斌,杨济川编著.-太原:山西人民出版社,1980 |
| 359页;19cm |
| ISBN :CNY0.99 |
| ● |
| 相关链接 |
|
|
|
|
正题名:工业企业会计报表编审与分析
索取号:F231.5/13
 
预约/预借
| 序号 | 登录号 | 条形码 | 馆藏地/架位号 | 状态 | 备注 |
| 1 | 0050795 | 001791617 | 密集书库/ [索取号:F231.5/13] | 在馆 |